000 00602nam a2200157 a 4500
001 000036402
005 20200930075719.0
008 120117s1987 pr ab 000 0 spa d
040 _aDO-SdBNP
_bspa
_cBNPHU
082 _axxx
_bS479c
100 1 _aSepúlveda, Aníbal
_962611
245 1 0 _aCangrejos-Santurce :
_bHistoria ilustrada de su desarrollo urbano (1519-1950) /
_cAníbal Sepúlveda, Jorge Carbonell.
260 _aPuerto Rico :
_bCentro de Investigaciones CARIMAR
_bOficina Estatal de Preservación Histórica,
_c1987.
300 _a85 p. :
_bil., map. ;
_c28 cm.
700 1 _aCarbonell, Jorge
_962612
999 _c35893
_d35893